1500 1961 1597 1591 1129 1988 1722 1030 1297 1571 1015 1500 1435 1417 1006 1402 1343 1770 1513 1327 1483 1323 1993 1727 1275 1577 1810 1166 1670 1138 1968 1183 1904 1250 1314 1057 1894 1001 1735 1175 1027 1301 1829 1081 1051 1175 1761 1329 1311 1079 1157 1422 1518 1937 1152 1262 1865 1016 1031 1192 1319 1101 1726 1743 1011 1663 1961 1219 1509 1731 1268 1842 1556 1827 1958 1671 1386 1355 1203 1150 1922 1383 1898 1360 1760 1068 1083 1160 1769 1227 1005 1002 1670 1505 1457 1087 1467 1260 1074 BCNSPRNW ULIB Ver.6.0+V

เปลี่ยนเป็นภาษาไทย

Change to English
 แสดงรายละเอียดบรรณานุกรม
  กลับหน้าหลัก

Brief Record : Get Marc (ISO 2709) : E-mail record : QR code < ปิดหน้าต่าง
LEADER : 00000nam 2200000uu 4500
001    13399125313
003     ULIB
008    170419s2559||||th 000 0 tha d
020    ^a9786167829630
060    ^aWS200 ช576Q
100    ^aชิษณุ พันธุ์เจริญ
245    ^aQ&A ไขปัญหา ไข้ในเด็ก
250    ^aพิมพ์ครั้งที่ 1
260    ^aกรุงเทพฯ :^bโครงการจุฬาคิดส์คลับ ฝ่ายกุมารเวชศาสตร์ โรงพยาบาลจุฬาลงกรณ์ สภากาชาดไทย,^c2559
300    ^a84 หน้า
650    ^aไข้^xการรักษา
650    ^aเด็ก, โรค^xการรักษา
945    ^p0^l0^i001920
945    ^p0^l0^i001921
945    ^p0^l0^i001922
999    ^aวรรณษา ชูชัยมงคล
รายการนี้ยังไม่มีแท็ก
คุณยังไม่ได้ล็อกอิน คุณสามารถมีกิจกรรมร่วมกับเว็บไซต์ได้ แต่ต้องล็อกอินก่อน ::
  ล็อกอิน

รายการสื่อสารสนเทศ

ลำดับที่ ประเภท เลขเรียก/บาร์โค้ด สถานที่ สถานะ
1. วิทยาศาสตร์การแพทย์ และสุขภาพ
วิทยาศาสตร์การแพทย์ และสุขภาพ
สถานะ=หนังสือเก่า
WS200 ช576Q ฉ.1 
  Barcode: 001920
ห้องสมุดวิทยาเขตสวรรค์ประชารักษ์
►ส่วนจัดเก็บหนังสือเก่า สปร
บนชั้น
  ขอยืม
2. วิทยาศาสตร์การแพทย์ และสุขภาพ
วิทยาศาสตร์การแพทย์ และสุขภาพ
สถานะ=หนังสือเก่า
WS200 ช576Q ฉ.2 
  Barcode: 001921
ห้องสมุดวิทยาเขตสวรรค์ประชารักษ์
►ส่วนจัดเก็บหนังสือเก่า สปร
บนชั้น
  ขอยืม
3. วิทยาศาสตร์การแพทย์ และสุขภาพ
วิทยาศาสตร์การแพทย์ และสุขภาพ
สถานะ=หนังสือเก่า
WS200 ช576Q ฉ.3 
  Barcode: 001922
ห้องสมุดวิทยาเขตสวรรค์ประชารักษ์
►ส่วนจัดเก็บหนังสือเก่า สปร
บนชั้น
  ขอยืม

รายการใกล้เคียง
    ชื่อเรื่อง [Q&A ไขปัญหา ไข้ในเด็ก]

    ผู้แต่ง [ชิษณุ พันธุ์เจริญ]

BibComment


ยังไม่เคยถูกคอมเมนท์

คอมเมนท์ทรัพยากรรายการนี้
  คอมเมนท์: QA ไขปัญหา ไข้ใน..


 Copyright 2026. Bcnsprnw @Library